Citizen politics: an introduction to political behavior

Saved in:
Bibliografiske detaljer
Hovedforfatter: Barber, James David (Author)
Format: Bog
Sprog:engelsk
Udgivet: s.l Ladder Edition 1972
Udgivelse:2a. ed
Fag:
Tags: Tilføj Tag
Ingen Tags, Vær først til at tagge denne postø!

MARC

LEADER 00000nam a2200000 a 4500
001 UCT7081
003 CL-VaPUC
008 970116e19720000us |||||||||||||||||eng|d
082 0 4 |a 320.019  |b BAR  |2 21 
100 0 |a Barber, James David  |e author  |9 377710 
245 1 0 |a Citizen politics: an introduction to political behavior 
250 |a 2a. ed 
300 |a 123 p 
942 |c BK 
945 |d 19970116 00:00:00  |a paguirre 
260 |a s.l  |b Ladder Edition  |c 1972 
650 0 |a Comportamiento   |9 308406 
650 0 |a Política  |9 255312 
650 0 |a Psicología   |9 257863 
650 0 |a Políticos   |9 256302 
650 0 |a Persuasión   |9 333734 
650 0 |a Opinión pública  |9 255512 
650 7 |a CIUDADANOS  |2 CL-VaPUC  |9 377711 
650 7 |a GRUPOS  |2 CL-VaPUC  |9 336429 
583 |a last modification  |c 20171120 02:12:33  |k Rodrigo Vera 
999 |c 255742  |d 255740 
952 |0 0  |1 0  |4 0  |6 320_019000000000000_BAR_1972  |7 0  |8 A  |9 278135  |a BIBDER  |b BIBDER  |d 2019-11-19  |i 1806017  |o 320.019 BAR 1972  |p 1806017  |r 2023-01-25  |w 2019-11-19  |y BK  |k DER